Populačný vývoj na Slovensku po roku 1990
Populačný vývoj na Slovensku v kontexte významných politických, sociálnych a ekonomických zmien po roku 1990. Základné charakteristiky sobášnosti. Základné charakteristiky rozvodovosti. Základné charakteristiky pôrodnosti a plodnosti. Základné charakteristiky potratovosti. Základné charakteristiky ú...
Saved in:
| Main Author: | |
|---|---|
| Format: | Book Chapter |
| Language: | Slovak |
| Subjects: | |
| Tags: |
No Tags, Be the first to tag this record!
|
MARC
| LEADER | 00000naa$a2200000$$$4500 | ||
|---|---|---|---|
| 001 | 0030542 | ||
| 005 | 20220505131625.7 | ||
| 041 | 0 | |a slo | |
| 044 | |a CZ | ||
| 245 | 1 | 0 | |a Populačný vývoj na Slovensku po roku 1990 |c Boris Vaňo |
| 520 | |a Populačný vývoj na Slovensku v kontexte významných politických, sociálnych a ekonomických zmien po roku 1990. Základné charakteristiky sobášnosti. Základné charakteristiky rozvodovosti. Základné charakteristiky pôrodnosti a plodnosti. Základné charakteristiky potratovosti. Základné charakteristiky úmrtnosti. Prírastok a počet obyvateľov. Veková štruktúra obyvateľstva. | ||
| 610 | 2 | 0 | |a vývoj populačný |
| 610 | 2 | 0 | |a populácia |
| 610 | 2 | 0 | |a Slovensko |
| 610 | 2 | 0 | |a bilancia populačná |
| 610 | 2 | 0 | |a štruktúra obyvateľstva |
| 610 | 2 | 0 | |a reprodukcia obyvateľstva |
| 610 | 2 | 0 | |a úmrtnosť |
| 610 | 2 | 0 | |a pôrodnosť |
| 610 | 2 | 0 | |a štatistika demografická |
| 610 | 2 | 0 | |a 1990-2003 |
| 100 | 1 | |a Vaňo, Boris | |